01371nam a2200337Ia 4500001001200000003000800012006001900020007001500039008004100054010001700095020001500112020001800127020001800145040002100163035002100184050002500205082001400230245011100244260004800355300002400403440004500427500010000472504004100572533015200613650003100765650003800796655002900834700002700863710001700890856012600907ebr10599422CaPaEBRm u cr cn|||||||||940112s1994 gw a sb 100 0 eng d z 94000169  z3110135698 z9783110135695 z9783110857191 aCaPaEBRcCaPaEBR a(OCoLC)81550768614aHD3842b.I515 1994eb04a338.922000aInternational privatisationh[electronic resource] :bstrategies and practices /cedited by Thomas Clarke. aBerlin ;aNew York :bW. de Gruyter,c1994. axvi, 435 p. :bill. 0aDe Gruyter studies in organization ;v55 aPapers presented at a conference held on Sept. 12-14 at the University of St Andrews, Scotland. aIncludes bibliographical references. aElectronic reproduction.bPalo Alto, Calif. :cebrary,d2011.nAvailable via World Wide Web.nAccess may be limited to ebrary affiliated libraries. 0aPrivatizationvCongresses. 0aGovernment ownershipvCongresses. 7aElectronic books.2local1 aClarke, Thomas,d1950-2 aebrary, Inc.40uhttp://site.ebrary.com/lib/rucke/Doc?id=10599422zAn electronic book accessible through the World Wide Web; click to view